000 00775na a2200241 4500
001 17502
003 MIRAKIL
005 20181213154931.0
008 161025b tu 000 0
040 _aMilas
_btur
_cTR-AnCHP
041 _atur
_aeng
082 _a343.072102632
_bD76 [t.y.]
090 _a343.072102632 D76 [t.y.]
245 _a4054 sayılı Rekabetin Korunması Hakkında Kanun
_cHazırlayan Rekabet Kurumu
260 _aAnkara
_bRekabet Kurumu
_c[t.y.]
300 _a78 s.
_c12 sm.
650 _aRekabet hukuku
_xKanunlar
_zTürkiye
650 _aRekabetin korunması
_xKanunlar
_zTürkiye
650 _aRekabet
_xHukuk ve mevzuat
_zTürkiye
651 _aTürkiye
_xRekabetin Korunması Hakkında Kanun, 1994
710 _aRekabet Kurumu
942 _2ddc
_cBKS
999 _c3434
_d3434